Biológia pre 2. ročník gymnázií

Bibliographic Details
Main Authors: Bašovská, Mária (Author, Translator), Halásová, Ružena (Author), Nečas, Oldřich, 1925-2025 (Author), Pastýrik, Ľudovít, 1911-2007 (Author), Trojanová, Miroslava (Author), Šmarda, Jan, 1930-2021 (Author), Boháč, Ivan (Author), Stoklasa, Jan, 1938 – 2004 (Author)
Other Authors: Ferák, Vladimír, 1938- (Translator), Lenochová, Mária, 1934- (Translator), Pálfyová, Mária (Translator)
Format: Book
Language:Slovak
Czech
PhysicalDescription:283 s. fotogr., sch., tab. 21 cm
Published: Bratislava Slovenské pedagogické nakladateľstvo 1994
ISBN:8008023236
Edition:4. vyd.
Subjects:

MARC

LEADER 00000nam a2200000 a 4500
001 vtls001076100
003 SK-MaSNL
005 20260421094126.0
008 250414s1994 xo ol frp 000 0 slo
015 |a SNBA1994/04 
020 |a 8008023236  |q (brož.) 
035 |a SNK000018933 
040 |a SNK  |b slo  |c SNK  |e AACR2 
041 1 |a slo  |h cze 
044 |a xo  |c SK 
072 7 |a 57  |x Všeobecná biológia  |2 konspekt 
072 7 |a 37.016  |x Učebné osnovy. Vyučovacie predmety. Učebnice  |2 konspekt 
080 |a 57(075.3)  |2 1981 
080 |a 57/59  |2 2011 
080 |a (075.3)  |2 2011 
245 0 0 |a Biológia pre 2. ročník gymnázií  |c Mária Bašovská ... [et al.] ; preklady častí českých spoluautorov Mária Bašovská, Vladimír Ferák, Mária Lenochová, Mária Pálfyová 
250 |a 4. vyd. 
260 |a Bratislava  |b Slovenské pedagogické nakladateľstvo  |c 1994 
300 |a 283 s.  |b fotogr., sch., tab.  |c 21 cm 
650 0 7 |a biológia  |2 SNKPH  |9 689 
655 7 |a učebnice stredných škôl  |2 SNKPH  |9 69323 
700 1 |a Bašovská, Mária  |4 aut  |9 42765 
700 1 |a Halásová, Ružena  |4 aut  |9 44084 
700 1 |a Nečas, Oldřich,  |d 1925-2025  |4 aut  |9 111754 
700 1 |a Pastýrik, Ľudovít,  |d 1911-2007  |4 aut  |9 220072 
700 1 |a Trojanová, Miroslava  |4 aut  |9 278046 
700 1 |a Šmarda, Jan,  |d 1930-2021  |4 aut  |9 135426 
700 1 |a Boháč, Ivan  |4 aut  |9 42959 
700 1 |a Stoklasa, Jan,  |d 1938 – 2004  |4 aut  |9 276448 
700 1 |a Bašovská, Mária  |4 trl  |9 42765 
700 1 |a Ferák, Vladimír,  |d 1938-  |4 trl  |9 103926 
700 1 |a Lenochová, Mária,  |d 1934-  |4 trl  |9 120979 
700 1 |a Pálfyová, Mária  |4 trl  |9 261450 
850 |a Slovenská národná knižnica 
852 |a Slovenská národná knižnica 
919 |a 80-08-02323-6 
954 |a odborná, vedecká literatúra pôvodná (slovenská)  |2 lita 
954 |a odborná, vedecká literatúra cudzojazyčná (svetová)  |2 lita 
958 |a TL 
958 |a UC 
958 |a OP 
958 |a CZ 
958 |a OND 
999 |c 533239  |d 535169 
952 |t P60, <04>, [BOOK], {604}  |a SNK  |b SNK  |y VYP  |7 0  |p 17A0031486  |o snkSC 86470 D1  |i snkKSP 07764/94  |0 0  |1 0  |4 0  |d 1997-01-13  |l 0  |r 2004-12-31 00:00:00  |w 2026-02-23 
952 |t P60, <03>, [BOOK], {603}  |a SNK  |b SNK  |y PREZ  |7 0  |o snkSC 86470  |i snkKSP 07763/94  |0 0  |1 0  |4 0  |d 1998-02-26  |l 0  |r 2004-12-31 00:00:00  |w 2026-02-23